| 000 | 00850nam a2200265 a 4500 | ||
|---|---|---|---|
| 999 |
_c787 _d787 |
||
| 008 | 191030r20112012ii a|||g |||| 00| 0 eng d | ||
| 020 |
_a9780198065296 _cRs. 285.00 |
||
| 040 |
_aKO _beng |
||
| 041 | 0 | _aeng | |
| 044 | _aii | ||
| 082 | 0 | 4 |
_223 _a428.002462 _bR1414 |
| 100 | 1 | _aRaman, Meenakshi | |
| 245 | 1 | 0 |
_aTechnical Communication : _bPrinciples and Practice / _cMeenakshi Raman and Sangeeta Sharma |
| 250 | _a2nd ed. | ||
| 260 |
_aNew Delhi : _bOxford University Press , _c2011, reprinted 2012 |
||
| 300 |
_axvii, 666 p. : _bill. ; _c24 cm + _e1 CD-ROM |
||
| 504 | _aIncludes Index. | ||
| 650 | 0 |
_aEnglish language _xTechnical English _vTextbooks |
|
| 650 | 0 |
_aTechnical writing _vTextbooks |
|
| 650 | 0 |
_aCommunication of technical information _vTextbooks |
|
| 700 |
_aSharma, Sangeeta _eaut |
||
| 904 | _aA_BOSE | ||
| 942 | _cBK | ||